Poradíme si s odpadmi z obalov?

EÚ a recyklácia. Recyklačný fond - budú naň prispievať tí, ktorí obaly "produkujú". Separovaný zber - problém väčších miest. Osvetu chcú začať od školákov.

Na minha lista:
Detalhes bibliográficos
Autor principal: Vojtková, Viera
Formato: Capítulo de Livro
Idioma:eslovaco
Assuntos:
Tags: Adicionar Tag
Sem tags, seja o primeiro a adicionar uma tag!

MARC

LEADER 00000naa a2200000 4500
001 r041986
005 20231002114203.3
041 0 |a slo 
044 |a SK 
245 1 0 |a Poradíme si s odpadmi z obalov?  |c Viera Vojtková 
520 |a EÚ a recyklácia. Recyklačný fond - budú naň prispievať tí, ktorí obaly "produkujú". Separovaný zber - problém väčších miest. Osvetu chcú začať od školákov. 
610 2 0 |a odpad 
610 2 0 |a obaly 
610 2 0 |a recyklácia odpadu 
610 2 0 |a Európska únia 
610 2 0 |a Slovensko 
100 1 |a Vojtková, Viera